000 00431nam a22001457a 4500
005 20151207112825.0
008 151207b xxu||||| |||| 00| 0 eng d
040 _cPK-LaUMT
082 _aMSC 928.91439
_bABD-F
100 _aعبدالروف ملک
245 _aفیض کی شاعری کا نیا دور
_cعبدالروف ملک
260 _aلاہور
_bپیپلز پبلشنگ ہاوس
_c1988
300 _a143 ص
942 _cBK
999 _c80625
_d80625